LEADER 01133nam a2200253 i 4500 001 000000146286 003 CaOOAMICUS 005 20051227000000.0 008 051227s2004 it u000 u ita u 013 $a122967 040 $aSeMil$bita 245 10$aGiovanni Paolo 2. e l'Europa /$cprefazioni di Carlo Maria Martini, Franco Cardini. 260 $aCinisello Balsamo :$bSan Paolo,$c2004. 300 $a110 p. ;$c20 cm. 490 0 $aRadici cristiane d'Europa ;$v11 600 04$aGiovanni Paolo II .$0(OLS)http://semarc/subject/5525 700 1 $aCardini, Franco,$d<1940- >.$0(OLS)http://semarc/name/321 700 1 $aMartini, Carlo Maria,$c.$0(OLS)http://semarc/name/89159 830 0$aRadici cristiane d'Europa ;$v11.$0(OLS)http://semarc/title/23248 850 $aSeMil 852 $aSeMil$W1$xVenegono$y1$m3N VI 460/11$j98976$B98976$CSeMilBibl$Z2$F107318 $81 961 $aRecupero: Seminario di Seveso 996 $6245$aGiovanni Paolo 2. e l'Europa$9(OLS)http://semarc/title/213940 996 $6260$aCinisello Balsamo :$bSan Paolo$9(OLS)http://semarc/publisher/30129 LEADER 00779nam a2200217 i 4500 001 000000042651 003 CaOOAMICUS 005 20090724000000.0 008 090724s1927 fr u000 u fre u 013 $a13821 040 $aSeMil$bita 100 1 $aBatiffol, Pierre <1861-1929>.$0(OLS)http://semarc/name/6942 245 10$aLeçons sur la messe /$cPierre Batiffol. 250 $a13. mille. 260 $aParis :$bJ. Gabalda,$c1927. 300 $aXXXI, 330 p. ;$c18 cm. 650 4$aMessa - Storia.$0(OLS)http://semarc/subject/1162 850 $aSeMil 852 $aSeMil$W1$xVenegono$y1$m2B I 139$j8806$B8806$CSeMilBibl$Z2$F8806 $81 996 $6245$aLeçons sur la messe$9(OLS)http://semarc/title/62282 996 $6260$aParis :$bJ. Gabalda$9(OLS)http://semarc/publisher/35504